Представление документа в формате MARC21

Поле Инд. ПП Название Значение
Тип записи a
Библиографический уровень m
001 Контрольный номер 5c76886e88c143cbb367b276363b2531
005 Дата корректировки 20260519110339.5
020 a ISBN 978-5-466-11152-1
c Цена, тираж 85-53
040 b Код языка каталог. rus
e Правила каталог. PSBO
041 0_ a Код языка текста rus
080 a Индекс УДК 005.591.6
080 a Индекс УДК 658.512.2
084 a Индекс другой классификации/Индекс ББК 65.291.5
084 a Индекс другой классификации/Индекс ББК 30.18
090 a Полочн. индекс 65
x Авторский знак В19
097 b Оператор 03
100 1_ a Автор Васильева Е. В.
245 10 a Заглавие Дизайн-мышление : немного о подходе и много об инструментах развития креативного мышления, изучения клиентских запросов и создания идей. (Как понять клиентов и создать полезный опыт в экономике впечатлений?)
b Продолж. заглавия монография : [учебное пособие]
260 a Место издания Москва
b Издательство РУСАЙНС
c Дата издания 2026
300 a Объем 204 c.
336 a Термин вида содержания Текст
337 a Термин типа средства непосредственный
510 0_ a Примечание о ссылках Книги и методические пособия
650 04 a Основная рубрика 06.81 Экономика и организация предприятия. Управление предприятием
x Основная подрубрика 06.81.23 Интеллектуальный капитал. Управление знаниями
653 0_ a Ключевые слова дизайн; дизайн-мышление; бизнес-идеи; клиентоориентированность; тренинги; визуальное мышление; креативное мышление; инновационный продукт; инновации
900 a Имя электронного ресурса Васильева - Дизайн-мышление немного о подходе (001)
900 a Имя электронного ресурса Васильева - Дизайн-мышление немного о подходе
901 t Тип документа m